[Event "UKR-ch (Women) 82nd"]
[Site "Poltava"]
[Date "2023.12.15"]
[Round "7"]
[White "Tugaj, Polina"]
[Black "Zavezion, Nika"]
[Result "1/2-1/2"]
[WhiteElo "1286"]
[BlackElo "1365"]
[PlyCount "93"]
[EventDate "2023.12.09"]
[EventType "swiss"]
[EventRounds "9"]
[EventCountry "UKR"]
[SourceTitle "CB51_2023"]
[SourceDate "2023.12.20"]
[SourceVersion "1"]
[SourceVersionDate "2023.12.20"]
[SourceQuality "1"]

1. e4 c6 2. d4 d5 3. e5 c5 4. c3 Nc6 5. Nf3 Bg4 6. Be2 e6 7. 0-0 Nge7 8. h3 Bxf3 9. Bxf3 cxd4 10. cxd4 Nf5 11. Be3 Qb6 12. Nc3 Ncxd4 13. Na4 Nxf3+ 14. Qxf3 Qc6 15. Qd1 Nxe3 16. fxe3 Be7 17. Rc1 Qd7 18. Nc5 Bxc5 19. Rxc5 0-0 20. Qd4 Rac8 21. Rfc1 b6 22. R5c3 h6 23. e4 Rxc3 24. Rxc3 Rd8 25. exd5 exd5 26. Rg3 g6 27. h4 Rc8 28. b3 Qf5 29. Qxd5 Rc1+ 30. Kh2 Qf4 31. Qd8+ Kh7 32. Qf6 Qxf6 33. exf6 Rf1 34. Rf3 Rxf3 35. gxf3 g5 36. h5 Kg8 37. Kg3 Kf8 38. f4 gxf4+ 39. Kxf4 Ke8 40. Ke5 Kd7 41. Kd5 a5 42. a3 Kc7 43. b4 axb4 44. axb4 Kd7 45. b5 Kc7 46. Ke5 Kd7 47. Kd5 1/2-1/2

[Event "EU-ch U14 Girls rapid"]
[Site "Terme Catez"]
[Date "2023.09.28"]
[Round "1"]
[White "Novomeska, Karin"]
[Black "Zavezion, Nika"]
[Result "1-0"]
[WhiteElo "1820"]
[BlackElo "1448"]
[PlyCount "79"]
[EventDate "2023.09.28"]
[EventType "swiss (rapid)"]
[EventRounds "9"]
[EventCountry "SLO"]
[SourceTitle "EXT 2024"]
[Source "ChessBase"]
[SourceDate "2023.10.10"]
[SourceVersion "1"]
[SourceVersionDate "2023.10.10"]
[SourceQuality "1"]

1. d4 Nf6 2. c4 g6 3. Nc3 Bg7 4. e4 d6 5. Nf3 0-0 6. h3 e5 7. d5 a5 8. Be3 Na6 9. g4 c6 10. Nd2 Nc7 11. Be2 Nfe8 12. h4 f5 13. gxf5 gxf5 14. Bg5 Nf6 15. Rg1 Kh8 16. h5 h6 17. Be3 f4 18. Bb6 Nd7 19. Bxc7 Qxc7 20. Nf3 Qd8 21. dxc6 Nf6 22. Nh4 Kh7 23. Ng6 Rg8 24. c7 Qxc7 25. Nb5 Qc5 26. Qxd6 Nxe4 27. Qxc5 Nxc5 28. Nc7 Ra7 29. Ne7 Rd8 30. Ned5 Bf5 31. 0-0-0 Rc8 32. Nb5 Ra6 33. b3 Ne4 34. Ne7 Rf8 35. Nxf5 Rxf5 36. Bd3 Rf8 37. Bxe4+ Kh8 38. Nc7 Raf6 39. Rd7 b6 40. Rgxg7 1-0